Sci-fi v bankovníctve sa už zhmotnilo

Bezpečnosť je hlavný dôvod, prečo finančné inštitúcie čoraz viac prijímajú biometrické riešenie identifikácie svojich klientov. Odtlačky prstov, zreničiek, žíl na rukách alebo aj rozpoznávanie tváre môže byť častejšie súčasťou platenia. S biometriou majú na Slovensku skúsenosti UniCredit Bank, ČSOB...

Descrizione completa

Salvato in:
Dettagli Bibliografici
Autore principale: Kláseková, Martina
Natura: Capitolo di libro
Lingua:slovacco
Soggetti:
Tags: Aggiungi Tag
Nessun Tag, puoi essere il primo ad aggiungerne!!

MARC

LEADER 00000naa a2200000 4500
001 0230078
005 20170515111238.2
041 0 |a slo 
044 |a SK 
245 1 0 |a Sci-fi v bankovníctve sa už zhmotnilo  |c Martina Kláseková 
520 |a Bezpečnosť je hlavný dôvod, prečo finančné inštitúcie čoraz viac prijímajú biometrické riešenie identifikácie svojich klientov. Odtlačky prstov, zreničiek, žíl na rukách alebo aj rozpoznávanie tváre môže byť častejšie súčasťou platenia. S biometriou majú na Slovensku skúsenosti UniCredit Bank, ČSOB a Tatra banka. Novinkou v slovenskom bankovníctve by mohlo byť rozpoznávanie klienta podľa selfie. Roboty využívajú v japonskom bankovníctve. Kombinácia umelej inteligencie, jednoduchosti a prehľadnosti dosahuje lepšie výsledky a je lacnejšia. 
610 2 0 |a bankovníctvo 
610 2 0 |a banky 
610 2 0 |a technológie nové 
610 2 0 |a aplikácie mobilné 
610 2 0 |a telefón mobilný 
610 2 0 |a inteligencia umelá 
610 2 0 |a roboty 
100 1 |a Kláseková, Martina